Terrible tudors / (Record no. 6944)
[ view plain ]
| 000 -LEADER | |
|---|---|
| fixed length control field | 01088nam a22002657a 4500 |
| 001 - CONTROL NUMBER | |
| control field | 6944 |
| 003 - CONTROL NUMBER IDENTIFIER | |
| control field | FISKH |
| 005 - DATE AND TIME OF LATEST TRANSACTION | |
| control field | 20250611114234.0 |
| 008 - FIXED-LENGTH DATA ELEMENTS--GENERAL INFORMATION | |
| fixed length control field | 250611b cb ||||| |||| 00| 0 eng d |
| 020 ## - INTERNATIONAL STANDARD BOOK NUMBER | |
| International Standard Book Number | 9780439944052 |
| 040 ## - CATALOGING SOURCE | |
| Original cataloging agency | FISKH |
| Language of cataloging | eng |
| Transcribing agency | FISKH |
| Modifying agency | FISKH |
| 050 ## - LIBRARY OF CONGRESS CALL NUMBER | |
| Classification number | PS430 DEA |
| 082 ## - DEWEY DECIMAL CLASSIFICATION NUMBER | |
| Classification number | 940 |
| 100 ## - MAIN ENTRY--PERSONAL NAME | |
| Personal name | Deary, Terry |
| 245 ## - TITLE STATEMENT | |
| Title | Terrible tudors / |
| Statement of responsibility, etc. | By Terry Deary & Neil Tonge , Illustrated By Martin Brown |
| 260 ## - PUBLICATION, DISTRIBUTION, ETC. | |
| Place of publication, distribution, etc. | New York : |
| Name of publisher, distributor, etc. | Scholastic , |
| Date of publication, distribution, etc. | 1993. 1999. |
| 300 ## - PHYSICAL DESCRIPTION | |
| Extent | 139 pages : |
| Other physical details | illustrations ; |
| Dimensions | 20 cm . |
| 490 ## - SERIES STATEMENT | |
| Series statement | Horrible Histories |
| 520 ## - SUMMARY, ETC. | |
| Summary, etc. | You probably thought that the terrible Tudors just spent all their time beheading people. This book helps you find out: the horrible truth about Henry VIII who thought he'd married a horse; which terrible torture methods the twisted Tudors used; and which shocking swear words they simply loved to say. It also includes a grisly quiz. |
| 650 ## - SUBJECT ADDED ENTRY--TOPICAL TERM | |
| Topical term or geographic name entry element | Tudors |
| Form subdivision | Non-fiction |
| 650 ## - SUBJECT ADDED ENTRY--TOPICAL TERM | |
| Topical term or geographic name entry element | European History |
| Form subdivision | Non-fiction |
| 700 ## - ADDED ENTRY--PERSONAL NAME | |
| Personal name | Brown, Martin |
| Relator term | Illustrator |
| 942 ## - ADDED ENTRY ELEMENTS (KOHA) | |
| Source of classification or shelving scheme | Dewey Decimal Classification |
| Koha item type | Books |
| Suppress in OPAC | No |
| Withdrawn status | Lost status | Source of classification or shelving scheme | Damaged status | Not for loan | Collection | Home library | Current library | Shelving location | Date acquired | Total Checkouts | Full call number | Barcode | Date last seen | Copy number | Price effective from | Koha item type |
|---|---|---|---|---|---|---|---|---|---|---|---|---|---|---|---|---|
| Dewey Decimal Classification | Non-Fiction | Footprints International School Library Network Toul Tom Poung Campus | Footprints International School Library Network Toul Tom Poung Campus | TTP Secondary Non-Fiction Bookshelves | 06/11/2025 | DEA 940 PS430 DEA | 2025-1576 | 06/11/2025 | 1 | 06/11/2025 | Books | |||||
| Dewey Decimal Classification | Non-Fiction | Footprints International School Library Network Toul Tom Poung Campus | Footprints International School Library Network Toul Tom Poung Campus | TTP Secondary Non-Fiction Bookshelves | 08/11/2025 | DEA 940 PS430 DEA | 2025-4052 | 08/11/2025 | 2 | 08/11/2025 | Books |
